| 000 | 00840nam a2200265 a 4500 | ||
|---|---|---|---|
| 008 | |||
| 020 | _a0865435316 (pbk.) | ||
| 049 | _aMAIN | ||
| 090 | 0 | 0 | _aHF1414 |
| 100 | 1 | _aPatterson, Rubin. | |
| 245 | 1 | 0 |
_aForeign aid after the cold war : _bthe dynamics of multipolar economic competition / _cRubin Patterson. |
| 260 |
_aTrenton, NJ : _bAfrica World Press, _cc1997. |
||
| 300 |
_axxv, 204 p. ; _c22 cm. |
||
| 504 | _aIncludes bibliographical references: p. 183-199. | ||
| 500 | _aIncludes index. | ||
| 650 | 0 | _aCompetition, International. | |
| 650 | 0 | _aEconomic assistance. | |
| 650 | 0 | _aTechnical assistance. | |
| 650 | 0 | _aTechnology transfer. | |
| 907 |
_a.b10084198 _b24-07-03 _c23-07-03 |
||
| 003 | |||
| 005 | 20230123133350.0 | ||
| 040 | _cNUST | ||
| 942 |
_cBOOKS _kHF1414 |
||
| 999 |
_c147342 _d147342 |
||